|
|
|
|
| LEADER |
00000nam#a22000001ab4500 |
| 001 |
00006386 |
| 003 |
AR-BaUAD |
| 005 |
20230908141144.0 |
| 008 |
941003s1955####mx#||||##||||||||#||spa|d |
| 040 |
|
|
|a AR-BaUAD
|b spa
|c AR-BaUAD
|
| 041 |
|
|
|a spa
|
| 044 |
|
|
|c mx
|2 ISO3166-1
|
| 100 |
1 |
|
|a Pirenne, Henri
|
| 245 |
1 |
0 |
|a Historia económica y social de la Edad Media /
|c versión española de Salvador Echavarría
|
| 250 |
|
|
|a 6a ed
|
| 260 |
|
|
|a México :
|b Fondo de Cultura Económica,
|c 1955
|
| 300 |
|
|
|a 193 p.
|
| 490 |
|
|
|a Sección de obras de economía
|
| 504 |
|
|
|a Notas bibliográficas: p. 160-176.
|
| 504 |
|
|
|a Bibliografía general: p. 177-179.
|
| 653 |
|
|
|a EDAD MEDIA
|
| 653 |
|
|
|a HISTORIA
|
| 653 |
|
|
|a ECONOMIA
|
| 653 |
|
|
|a CULTURA
|
| 653 |
|
|
|a HISTORIA SOCIAL
|
| 653 |
|
|
|a SOCIOLOGIA
|
| 655 |
|
|
|a TEXTO
|
| 852 |
|
|
|c 40-4
|
| 952 |
|
|
|0 0
|1 0
|4 0
|6 404
|7 0
|9 21323
|a AR-BaUAD
|b AR-BaUAD
|d 0000-00-00
|e compra Cervantes
|g 40.00
|i 6386
|l 0
|o 40-4
|p ih2o56386
|r 2023-09-08 14:11:44
|w 2023-09-08
|y BK
|
| 952 |
|
|
|0 0
|1 0
|4 0
|7 0
|9 21324
|a AR-BaUAD
|b AR-BaUAD
|d 2023-09-08
|i p.25-769
|l 0
|p 5rih8p.25-769
|r 2023-09-08 14:11:44
|w 2023-09-08
|y BK
|
| 952 |
|
|
|0 0
|1 0
|4 0
|7 0
|9 21325
|a AR-BaUAD
|b AR-BaUAD
|d 2023-09-08
|i p.25-770 Trnsferido al IAA
|l 0
|p pyc26p.25-770 Trnsfe
|r 2023-09-08 14:11:44
|w 2023-09-08
|y BK
|
| 952 |
|
|
|0 0
|1 0
|4 0
|7 0
|9 21326
|a AR-BaUAD
|b AR-BaUAD
|d 2023-09-08
|i p.25-771 perdido y fotocopiado
|l 0
|p asl21p.25-771 perdid
|r 2023-09-08 14:11:44
|w 2023-09-08
|y BK
|
| 952 |
|
|
|0 0
|1 0
|4 0
|7 0
|9 21327
|a AR-BaUAD
|b AR-BaUAD
|d 0000-00-00
|e compra Palacio
|i p.23-684
|l 0
|p f43rxp.23-684
|r 2023-09-08 14:11:44
|w 2023-09-08
|y BK
|
| 990 |
|
|
|a Ej. No1 : 6386 . 31/10/1958 -- compra Cervantes -- (40 pesos).
|b ADM
|
| 990 |
|
|
|a Ej. No2 : p.25-769 .
|b ADM
|
| 990 |
|
|
|a Ej. No3 : p.25-770 Trnsferido al IAA .
|b ADM
|
| 990 |
|
|
|a Ej. No4 : p.25-771 perdido y fotocopiado .
|b ADM
|
| 990 |
|
|
|a Ej. No5 : p.23-684 . 31/10/1958 -- compra Palacio -- (37,40 pesos).
|b ADM
|
| 990 |
|
|
|a 14697
|b OS
|
| 990 |
|
|
|a 7921
|b OS
|
| 990 |
|
|
|a H195
|b TD
|
| 990 |
|
|
|a AAQ00006386
|b CC
|
| 998 |
|
|
|a AAQ
|b Bibun 76
|
| 942 |
|
|
|c BK
|
| 999 |
|
|
|c 9063
|d 9063
|